| 000 | 00423nam a2200193Ia 4500 | ||
|---|---|---|---|
| 005 | 20251020182541.0 | ||
| 008 | 200515s9999 xx 000 0 und d | ||
| 082 | _a741.1/B68 | ||
| 100 | _aBOGOLYUBOV, S.VOINOV, A. | ||
| 245 | 0 | _aEngineering Drawing | |
| 260 | _aMoscĂș | ||
| 260 | _c1973 | ||
| 300 | _a334 | ||
| 500 | _a1 ejemplar | ||
| 650 | _aDIBUJO | ||
| 650 | _aDIBUJO TECNICO | ||
| 650 | _aLIB | ||
| 942 | _cLIB | ||
| 999 |
_c2393 _d2393 |
||